000 00551nam a2200169Ia 4500
008 260520s2025 xx 000 0 und d
020 _a978-93-88914-73-4
041 _amar
082 _a910.72/BAD
100 _aबडगुजर, अ ए
245 _aभूगोलातील क्षेत्र तंत्रे आणि अहवाल लेखन
250 _a1st ed
260 _aजळगाव
_bप्रशांत पब्लिकेशन
_c2025
300 _a136p.
500 _aCat No: 15064
650 _aGEOGRAPHY
999 _c1221871
_d1221871